International Trade in the Presence of Pure Monopoly in the Non-Traded Goods Sector (Registro nro. 26457)

Detalles MARC
000 -LEADER
fixed length control field 00369 a2200109 4500
001 - CONTROL NUMBER
control field ART_12562
005 - DATE AND TIME OF LATEST TRANSACTION
control field 20260410161907.0
008 - FIXED-LENGTH DATA ELEMENTS--GENERAL INFORMATION
fixed length control field 260409a
100 1# - MAIN ENTRY--PERSONAL NAME
Personal name Cassing, James
245 10 - TITLE STATEMENT
Title International Trade in the Presence of Pure Monopoly in the Non-Traded Goods Sector
773 0# - HOST ITEM ENTRY
Title The Economic Journal
Related parts - Vol. 97, Nº 347 (set. 1977)
Record control number REV12512

No hay ítems disponibles.